Vývoj světové zemědělské produkce a produkce potravin

Postupný pokles poľnohospodárskej výroby vo svete. Vývoj produkcie potravín na osobu. Vývoj obchodu vo svete. Odhad trendov budúceho vývoja poľnohospodárskej produkcie.

Gespeichert in:
Bibliographische Detailangaben
1. Verfasser: Jeníček, Vladimír
Format: Buchkapitel
Sprache:Tschechisch
Schlagworte:
Tags: Tag hinzufügen
Keine Tags, Fügen Sie das erste Tag hinzu!

MARC

LEADER 00000naa a2200000 4500
001 r032749
005 20230922111044.2
041 0 |a cze 
044 |a CZ 
245 1 0 |a Vývoj světové zemědělské produkce a produkce potravin  |c V. Jeníček 
520 |a Postupný pokles poľnohospodárskej výroby vo svete. Vývoj produkcie potravín na osobu. Vývoj obchodu vo svete. Odhad trendov budúceho vývoja poľnohospodárskej produkcie. 
610 2 0 |a poľnohospodárstvo 
610 2 0 |a výroba poľnohospodárska 
610 2 0 |a potravinárstvo 
610 2 0 |a potraviny 
610 2 0 |a svet 
610 2 0 |a výnosy hektárové 
100 1 |a Jeníček, Vladimír